1568 1078 1767 1543 1916 1536 1606 1547 1007 1133 1517 1047 2000 1078 1031 1705 1356 1075 1683 1728 1946 1394 1591 1101 1223 1098 1626 1241 1422 1632 1866 1053 1120 1345 1749 1402 1336 1245 1738 1525 1581 1701 1769 1832 1261 1646 1800 1349 1829 1724 1767 1271 1921 1030 1863 1619 1178 1651 1262 1138 1946 1651 1483 1666 1695 1889 1514 1566 1676 1093 1151 1983 1033 1277 1116 1820 1200 1809 1471 1996 1864 1628 1042 1814 1790 1256 1621 1271 1874 1950 1966 1053 1240 1850 1336 1878 1728 1578 1700 BCNSPRNW ULIB Ver.6.0+V

เปลี่ยนเป็นภาษาไทย

Change to English
 แสดงรายละเอียดบรรณานุกรม
  กลับหน้าหลัก

Brief Record : Get Marc (ISO 2709) : E-mail record : QR code < ปิดหน้าต่าง
LEADER : 00000nam 2200000uu 4500
001    13399110817
003     ULIB
008    110609s2010||||th 000 0 eng d
024    9780763761349
060  4 WQ165^bD981p 2010
100 0  Lauren A Dutton
245 00 A pocket guide to clinical midwifery : the efficient midwife ^cby Lauren A Dutton, Jessica E Densmore and Meredith B Turner
260    Sudbury,MA:^bJones and Bartlett,^c2010
300    358 p:^bill.
650  4 Midwifery^xHandbook
700 0  Jessica E Densmore
700 0  Meredith B Turner Book
945    ^p1400^l0^i030135
995    Kesorn
999 ^a ใช้งานได้ทุกระบบ
รายการนี้ยังไม่มีแท็ก
คุณยังไม่ได้ล็อกอิน คุณสามารถมีกิจกรรมร่วมกับเว็บไซต์ได้ แต่ต้องล็อกอินก่อน ::
  ล็อกอิน

รายการสื่อสารสนเทศ

ลำดับที่ ประเภท เลขเรียก/บาร์โค้ด สถานที่ สถานะ
- ไม่พบข้อมูล -

BibComment


ยังไม่เคยถูกคอมเมนท์

คอมเมนท์ทรัพยากรรายการนี้
  คอมเมนท์: A pocket guide to..


 Copyright 2026. Bcnsprnw @Library